000 00745nam a2200253Ia 4500
003 OSt
005 20220926014352.0
006 a|||||r|||| 00| 0
007 ta
008 220923b |||||||| |||| 00| 0 eng d
037 _cGeneral Book
040 _aRTL
_cRTL
_beng
041 _2eng
_aeng
082 _aX:8, L8
100 _aMiles Raymond
_9320498
245 0 _aOrganizational strategy, structure, and process
260 _aNew York
_bMcGraw- Hill U S A
_c1978
300 _axiii,274p. Bib p264-70
_ccm.
490 _a(McGraw-Hill series in management)
650 _aManagement
_930681
700 _a Snow Charles C
_9317290
942 _hX:8, L8
_cGB
_2CC
999 _c628826
_d628826